El juego de abalorios: ensayo de una biografía del magister ludi Josef Knecht, juntamente con los escritos dejados por él

Bewaard in:
Bibliografische gegevens
Hoofdauteur: Hesse, Hermann (autor)
Formaat: Boek
Taal:Spaans
Gepubliceerd in: Buenos Aires Santiago Rueda 1967
Editie:4a. ed
Onderwerpen:
Tags: Voeg label toe
Geen labels, Wees de eerste die dit record labelt!

MARC

LEADER 00000nam a2200000 a 4500
001 UCH0510
003 CL-VaPUC
008 090312e19670000AG |||||||||||||||||spa|d
082 0 4 |a 833  |b HES  |2 21 
100 |a Hesse, Hermann  |e autor  |9 546760 
245 1 3 |a El juego de abalorios: ensayo de una biografía del magister ludi Josef Knecht, juntamente con los escritos dejados por él 
250 |a 4a. ed 
300 |a 459 p 
942 |c BK 
945 |d 20090312 00:00:00  |a cmena 
260 |a Buenos Aires  |b Santiago Rueda  |c 1967 
500 |a En esta biografía novelada de un singular personaje, Hermann Hesse nos da la suma de sus conocimientos y su honda experiencia humana. 
500 |a La forma intemporal recuerda el estilo de la madurez de Goethe, pero su modernismo parece apuntar hacia la conciencia de una humanidad mil veces más sabia que la actual. 
500 |a El misterioso mundo de los jugadores de abalorios opone, en luminosos símbolos de profundo sentido, al actual mundo del derrumbe y de la confusión, la genuina jerarquía de los valores intelectuales y espirituales. El atractivo de esta obra reside en la multiplicidad temática; los hechos, las imágenes y las expresiones tornan transparentes las nuevas esferas del espíritu dando a este libro carácter de obra cumbre 
650 0 |a Novelas alemanas   |9 265783 
650 0 |a Literatura alemana   |9 265457 
583 |a last modification  |c 20140401 10:06:58  |k Rodrigo Vera 
999 |c 332806  |d 332804 
952 |0 0  |1 0  |4 0  |6 833_000000000000000_HES_1967  |7 0  |8 A  |9 420747  |a BIBEDU  |b BIBEDU  |d 2019-11-22  |i 4520572  |o 833 HES 1967  |p 4520572  |r 2019-11-22  |w 2019-11-22  |y BK  |k LIT